| 000 | 00591nam a2200217Ia 4500 | ||
|---|---|---|---|
| 005 | 20250506172917.0 | ||
| 008 | 008 250505s9999 xx 000 0 eng d | ||
| 020 | _a9789393850003 | ||
| 037 | _aTB | ||
| 040 |
_aILCL _beng _cILCL |
||
| 041 |
_aeng _2eng |
||
| 082 | _qILCL | ||
| 084 | _aZ2,2673 R2 | ||
| 100 |
_aGupta, Kalpesh Kumar (Ed.) _9754741 |
||
| 245 | 0 | _aLandmark Judgements on Intellectual Property | |
| 260 |
_aDelhi _bLaw and Justice Publishing Company _c2022 |
||
| 300 | _axxxi,291p. | ||
| 365 | _aINR | ||
| 942 |
_cTB _2Colon Classification |
||
| 999 |
_c1312655 _d1312655 |
||